Escudos Selecciones África - Estadísticas

Estadísticas generales
  • Esta prueba ha sido intentada 27 veces
  • La puntuación promedio es 49 de 54
Estadísticas de respuestas
Imagen Respuesta % Correcto
Angola
100%
Benin
100%
Burkina Faso
100%
Comoras
100%
Congo
100%
Gambia
100%
Ghana
100%
Guinea
100%
Liberia
100%
Mali
100%
Marruecos
100%
Mozambique
100%
Nigeria
100%
Senegal
100%
Sierra Leona
100%
Sudafrica
100%
Tanzania
100%
Togo
100%
Tunez
100%
Zimbabue
100%
Camerun
95%
Costa de Marfil
95%
Egipto
95%
Esuatini
95%
Etiopia
95%
Kenia
95%
Malaui
95%
Mauricio
95%
Namibia
95%
Niger
95%
RD Congo
95%
Somalia
95%
Sudan del Sur
95%
Yibuti
95%
Guinea Ecuatorial
91%
República Centroafricana
91%
Sudan
91%
Argelia
86%
Eritrea
86%
Gabon
86%
Ruanda
86%
Chad
82%
Lesoto
82%
Libia
82%
Madagascar
82%
Mauritania
82%
Uganda
82%
Santo Tomé y Príncipe
77%
Cabo Verde
73%
Guinea Bisau
73%
Botsuana
68%
Burundi
64%
Seychelles
64%
Zambia
59%
No se encontraron pruebas coincidentes
Distribución de puntuación
Porcentaje de gente con cada puntuación
Porcentaje por número respondido
Historial de tus puntuaciones
No has intentado esta prueba.